|
|
|
|
| LEADER |
00822cam a2200253 7i4500 |
| 001 |
0000036739 |
| 005 |
20220112090000.0 |
| 007 |
##ta |
| 008 |
211216s2011 enka 000 0 eng d |
| 020 |
# |
# |
|a 9781446301906
|
| 040 |
# |
# |
|a MATR
|
| 090 |
0 |
0 |
|a FI 629.2275
|b SAL
|
| 100 |
1 |
# |
|a Saladini, Albert
|
| 245 |
1 |
0 |
|a HARLEY DAVIDSON :
|b a way of life
|c Albert Saladini and Pascal Szymezak.
|
| 264 |
# |
0 |
|a Newton Abbot:
|b David & Charles,
|c 2011.
|
| 300 |
# |
# |
|a 367 pages:
|b color illustrations;
|c 30 cm.
|
| 336 |
# |
# |
|a text
|2 rdacontent
|
| 337 |
# |
# |
|a unmediated
|2 rdamedia
|
| 338 |
# |
# |
|a volume
|2 rdacarrier
|
| 610 |
2 |
0 |
|a Harley-Davidson Motor Company
|
| 650 |
# |
0 |
|a English fiction
|
| 650 |
0 |
0 |
|a Harley-Davidson motorcycle --
|x Design and construction
|
| 700 |
1 |
# |
|a Szymezak, Pascal
|
| 999 |
|
|
|a 0000041626
|b Book
|c Book
|e Business Information Centre
|